|
|
|
|
| LEADER |
00000nam0a2200000 4500 |
| 001 |
23891 |
| 005 |
20231030195958.0 |
| 010 |
|
|
|a 5237008682
|
| 035 |
|
|
|a (RuTPU)RU\TPU\book\24116
|
| 035 |
|
|
|a BOOK00001881
|
| 090 |
|
|
|a 23891
|
| 100 |
|
|
|a 20011209d2000 m y0rusy50 ca
|
| 101 |
1 |
|
|a rus
|c pol
|
| 102 |
|
|
|a RU
|
| 105 |
|
|
|a y z 000ay
|
| 200 |
1 |
|
|a Час презрения
|e роман
|e пер. с пол.
|f А. Сапковский
|
| 210 |
|
|
|a Москва
|c АСТ
|d 2000
|
| 215 |
|
|
|a 464 с.
|
| 225 |
1 |
|
|a Век дракона
|
| 610 |
1 |
|
|a романы
|
| 610 |
1 |
|
|a фантастика
|
| 675 |
|
|
|a 884
|v 3
|
| 700 |
|
1 |
|a Сапковский
|b А.
|g Анджей
|
| 801 |
|
0 |
|a RU
|b 63413507
|c 20011209
|g PSBO
|
| 801 |
|
2 |
|a RU
|b 63413507
|c 20081125
|g PSBO
|
| 942 |
|
|
|c BK
|